000 01549nem0a2200325 4500
001 RU\NLR\BIBL_A\010361431
005 20250614042746.0
035 _a(NLR Aleph) 010361431
090 _a9577825
_c9577825
100 _a20140527d1932 |||y0rusy50 ca
101 0 _arus
102 _aRU
120 _abyy xx||
123 1 _aа
_b100000
135 _acrcn 024anaba
200 1 _aКарта Вожгальского района Горьковского края
_bКарты
_eСост. на основании материалов Земельного. отд. Вожгальского райисполкома
_f[Авт.] райземлеустроитель Хижняков Е.
206 _a1:100000, 1 км в 1 см
210 _a[Вожгалы]
_cВожгальский райземотд.
_d1932
215 _a1 к.
_cцв.
_d62х85 (72х92) см
325 1 _aКопия доступна в электронной библиотеке РНБ
509 0 1 _aВожгальский район,
_cГорьковский край
606 1 _aПолитико-административные
_92178088
_3RU\NLR\auth_crt\66170
620 _aСССР
702 1 _aХижняков
_bЕ.
_4070
852 _aNLR
_bК
_j4-ВВол 4/147
_m577
_t578
901 _eКартографические материалы
942 _cMAP
980 _aNB
981 1 9 _a(19) Картографические материалы